LEADER 01267nam a2200337 a 4500 001 000000010956 003 CaOOAMICUS 005 20130510142209.0 008 941010s1988 it u000 u ita r 020 $a881855502 035 $a10271197 040 $aPUL$bita 100 1 $aMazzarino, Santo,$d1916-1987.$0(OLS)http://pul/name/4175 245 13$aLa fine del mondo antico /$cSanto Mazzarino. 260 $aMilano :$bRizzoli,$c1988. 300 $a205 p. ;$c23 cm 500 $aInclude indice. 504 $aBibliografia: p. 197-198. 650 4$aCivilizzazione.$0(OLS)http://pul/subject/22881 650 4$aStoriografia.$0(OLS)http://pul/subject/2514 850 $aPUL 852 $aPUL$W1$xSL Filosofia 1$y2$m104 D 46$j15521$nBK-PRI$b $qStampati$B15521$CPULBib$Z2$F15521 $H $81 852 $aPUL$W1$xDP1 Fondo E. Rossi$y115$m1 M 51$j153945$qFondi$B153519$CPULBib$Z2$F153519 $82 941 1 $a8 941 1 $a1 961 $aINV: 60911 961 $aSul dorso collocazione ms. di E. Rossi: M 44 996 $6020$a881855502$9(OLS)http://pul/number/14042 996 $6245$aLa fine del mondo antico$9(OLS)http://pul/title/15935 996 $6260$aMilano :$bRizzoli$9(OLS)http://pul/publisher/48712 LEADER 01206naa a2200229 u 4500 001 000000094298 003 CaOOAMICUS 005 20070226130137.0 008 010830s1995 fr u000 u eng u 035 $a10900675 040 $aPUL(R)$bita 100 1 $aRosas, Allan.$0(OLS)http://pul/name/60641 245 10$aReaction in the event of Breach /$cAllan Rosas. 260 $a[S. l. :$bs. n.],$c1995. 300 $aP. [555-591] 504 $aBibliografia in nota. 611 24$aChemical Weapons Convention$d(1993).$0(OLS)http://pul/subject/30116 650 4$aDisarmo.$0(OLS)http://pul/subject/18878 773 0 $aAcadémie de droit international.$tColloque = Workshop$g1994 773 0 $aAcadémie de droit international.$tLa Convention sur l'interdiction et l'élimination des armes chimiques : une percée dans l'enterprise multilatérale du désarmement : Colloque, La Haye, 24-26 novembre 1994 = The convention of the prohibition and eliminations of chemical weapons : a breakthrough in multilateral disarmament : Workshop, The Hague, 24-26 november 1994$w()61055 996 $6245$aReaction in the event of Breach$9(OLS)http://pul/title/121161 996 $6260$a[S. l. :$bs. n.]$9(OLS)http://pul/publisher/47882